000 00990nam a2200325Ia 4500
001 Z_6889
003 CHAP
008 220113s9999 xx 000 0 und d
010 _a170162
020 _a978-968-18-5231-3
040 _cCHAP
082 _a574.192 B564 2015
245 _aBioquímica fundamental /
_cEric E. Conn... [et al.]; colaboración en la traducción Manuel Guzmán Ortiz, revisión Andrés Hernández Arana
250 _a4a ed.
260 _aMéxico :
_bLimusa,
_c
300 _a736 p.
500 _aTraducción del título original en inglés: Outlines of biochemistry
503 _aej.1: consumo \ ej.2: consumo
650 _aBioquímica
_912849
650 _aMetabolismo
_975149
700 _aGuzmán Ortiz, Manuel
_etr.
_9141254
700 _a Hernández Arana, Andrés, rev.
_9141255
700 _aI.Conn, Eric E., aut.
_9146270
901 _a574.192 B564 2015
902 _aM
910 _a
942 _c1
942 _cc1
999 _c170162
_d170162